British Lit Match-Up Quiz Stats

 Plays Quiz Updated Dec 3, 2015

Also try: British Authors
Challenge
Share
Tweet
Score 0/32 Timer 05:00
0 Plays Today
% Correct
The Hitchhiker's
98.4%
Animal
98.4%
A Clockwork
98%
Jane
98%
Lord of the
97.8%
Great
97.8%
Wuthering
97.4%
The Canterbury
97.2%
Robinson
97.2%
The
95.5%
The Adventures of
95.3%
Vanity
95%
Paradise
94.9%
The Time
94.7%
Brave
94.4%
Don
94.2%
% Correct
Heart of
92.6%
Watership
92.4%
Tess of the
91.4%
Mansfield
90.9%
Titus
86.7%
Brideshead
86.1%
The Pilgrim's
85%
Howards
84%
Doctor
83.8%
The Faerie
83%
Silas
80.4%
To the
79.4%
Lyrical
78.2%
The Last
76.7%
Brighton
71.8%
The Mysteries of
63.8%

You're not logged in!

Compare scores with friends on all Sporcle quizzes.
OR
Log In

You Might Also Like...

Show Comments

Extras

Top Quizzes Today


Score Distribution

Your Account Isn't Verified!

In order to create a playlist on Sporcle, you need to verify the email address you used during registration. Go to your Sporcle Settings to finish the process.

Report this User

Report this user for behavior that violates our Community Guidelines.

Details: